000
00306nam a2200121Ia 4500
008
180117s9999 xx 000 0 und d
100
_a
by Art Sta Ana
245
2
_a
A Homeless Christmas
260
_c
2016
300
_a
10-14 pages, 2016 December 25
440
_a
Philippine Panorama
650
_a
HOMELESS
999
_c
353473
_d
353473